| 000 | 00694 a2200181 4500 | ||
|---|---|---|---|
| 003 | NUST | ||
| 005 | 20170116221727.0 | ||
| 040 | _cNUST | ||
| 082 | _a621.382 | ||
| 100 | _aRehman,Maria (MSEE-18) | ||
| 245 |
_aImage compression using modified set partitioning in hierarchical Trees Algorithms Reducing Memory Space _cMaria Rehman |
||
| 260 |
_aRawalpindi _bMCS (NUST) _cDec 2014 |
||
| 300 | _a vi,77,p.; | ||
| 505 | _a Introduction (Page-01),Wavelets Anlysis (Page-06),Embedded Zerotree Wavelets Transform (EZWT) (Page-250, MSPIHT (Page-34), Result and Simulations (Page-54), Conclusion an d future work(Page-71), | ||
| 538 | _aAlmirah No. 69 Shelf No. 3 | ||
| 650 | _aPG Thesis | ||
| 651 | _aMSEE-18 | ||
| 942 | _cTHS | ||
| 999 |
_c128087 _d128087 |
||